000 00274nam a2200097Ia 4500
082 _aST 624 FOUR
245 0 _aWork with technology 2
100 _a FOURIE,, A.G.W. Pinegowrie, South Africa, 2008 2nd ed
_918979
942 _cBK
008 210816s9999 xx 000 0 und d
999 _c85294
_d85294